Statystyki dla Polskie kanały na youtubie,które mają ponad 1mln subskrybcji

Kliknij tutaj aby rozwiązać quiz!

Ogólne statystyki

  • Ten quiz został rozwiązany 494 razy
  • Średni wynik to 15 z 109

Statystyki odpowiedzi

SubskrybcjeYoutuberzy% Poprawnych
4,34MBlowek
92%
3,38MFriz
91%
4,23MStuu
75%
3,89MreZigiusz
68%
1,43MWERSOW
64%
1,27MTromba
54%
2,88MNaruciak
45%
1,01MMINI MAJK
42%
3,64MSA Wardega
41%
3,47MAbstrachujeTV
34%
2,28MIsAmU
33%
3,87MBazylland
32%
1,73MMandzio
27%
1,28MMarcin Dubiel
26%
1,74MWojan
26%
1,71MKaluch
25%
2,21MKamerzysta
25%
1,66MTheNitroZyniak
25%
2,63MPlaneta Faktów
22%
1,3MBoruciak
21%
1,49MBOXDEL
21%
2,01MSBM Label
21%
1,73MTomasz 'Gimper' Działowy
21%
1,81MBEKSY
20%
2,12MKarolek
20%
1,96MMULTI
20%
2,25M5 sposobów na...
19%
3,17MStep Records
19%
2,07Mizak LIVE
18%
2,01MVito Minecraft
18%
2,83MDISCO MAREK
16%
1,21MKruszwil
16%
1,25MWAKSY
16%
1,57Mskkf
14%
1,43MAgnieszka Grzelak Vlog
13%
1,64MJDabrowsky
13%
1,84MQueQuality
13%
1,65MROJSON
13%
1,25MWiP Bros.
13%
1,15MAgnieszka Grzelak Beauty
11%
1,72MFIT LOVERS
10%
1,68MNiekryty Krytyk
10%
1,4MRed Lipstick Monster
10%
1,49MRemigiusz Maciaszek
10%
1,44MRoxMb
10%
1,25MSitr0x
10%
1,17MVertez
10%
1,46MZ Dvpy
10%
1,15MCyber Marian
9%
1,73MDeeJayPallaside
9%
1,01MDoknes
9%
1,46MPonki
9%
1,89Mtvnpl
9%
1,32MDominik Łupicki
8%
1,03MMagdalenaMariaMonika
8%
1,07MSzparagi
8%
1,28MTRENUJ Z KRZYCHEM
8%
1,15Mdealereq
7%
1,14MHistoria bez cenzury
7%
1,82MMarcin Malczyński
7%
1,23MPoszukiwacz
7%
1,88MProstoTV
7%
1,45MsmiechawaTV
7%
1,61MTHEUNBOXALL
7%
1,33MDawid Frank
6%
1,09MDezy
6%
1,56MDisowskyy
6%
1,53MGPlay: Minecraft Jest Nasz!
6%
1,36MJASNA STRONA
6%
1,32MMartin Stankiewicz
6%
1,9MSPInkafilmstudio
6%
1,35MAdBuster
5%
1,01MGramPaula
5%
1,27MNIEPRZYGOTOWANI: Nowe Pokolenie
5%
1,12MNOLIF
5%
1MAjgor Ignacy
4%
1,2MMedusa Official
4%
1,33MTaco Hemingway
4%
1,16MTopowa Dycha
4%
1,44MZajcu37
4%
1,11MZuzanna Borucka
4%
2,08M5-minutowe Sztuczki
3%
1,01MAsfaltRecords
3%
1,52MBORCREW OFFICIAL
3%
1,11MDisco Polo Lajf
3%
1,09MGilathissNew
3%
1,72MKaliGanjaMafia
3%
1,39MNewBadLabel
3%
1,05MTrue Beauty is Internal
3%
1,31MTVN Series
3%
1,48MUrbanRecTv
3%
1,16MBaby Dinosaurs
2%
2,47MCar Music
2%
1,03MKshaway
2%
1,01MLETNI
2%
1,47MMagicRecordsPoland
2%
1,24MMateusz M
2%
1,1MMiłośnicy czterech kółek-zrób to sam
2%
3,94MPac Pac Gaming
2%
1,07MTVGRYpl
2%
1,1MAwesome Kids Club
1%
1,93MBaby's adventure
1%
1,17Mbinkie.tv
1%
1,14MBoomerang Polska
1%
1,4MBROS SHOW
1%
1,13MEnduro KeX
1%
1,38MMNXHD
1%
3,27MPower of Gameplay
1%
1,33MSky Kids Toys
1%

Rozkład punktacji

Percentyl według liczby udzielonych odpowiedzi

Procent ludzi z każdym wynikiem

Twoja historia wyników

Nie rozwiązałeś tego quizu